Powiaty w Warmińsko-Mazurskim - Statystyki

Ogólne statystyki
  • Ten quiz został rozwiązany 36 razy
    11 od ostatniego zresetowania
  • Średni wynik to 18 z 21
Statystyki odpowiedzi
Powiaty % Poprawnych
Olsztyn
100%
olsztyński
100%
braniewski
91%
elbląski
91%
ełcki
91%
giżycki
91%
iławski
91%
kętrzyński
91%
lidzbarski
91%
mrągowski
91%
ostródzki
91%
węgorzewski
91%
bartoszycki
82%
gołdapski
82%
nidzicki
82%
olecki
82%
piski
82%
szczycieński
82%
Elbląg
73%
działdowski
64%
nowomiejski
64%
Nie znaleziono quizów pasujących do podanych kryteriów
Rozkład punktacji
Procent ludzi z każdym wynikiem
Percentyl według liczby udzielonych odpowiedzi
Twoja historia wyników
Nie rozwiązałeś tego quizu od ostatniego zresetowania